000 00573cam a2200217 4500
008 090401t1989 xxu||||| |||| 00| 0 eng d
020 _a095147250X
035 _a(Sirsi) u85140
041 _aeng
050 _a692.509
100 _aNisbet, James
245 _aCalled to Account: Quantity Surveying 1936-1986
260 _aLondon
_bStoke Publications
_c1989
300 _aviii, 174p. ; 24cm.
350 _a0
650 _aBIOGRAPHIES
650 _aHISTORY
690 _aMANAGEMENT-BUSINESS MANAGEMENT-PROFESSIONAL PRACTICE
942 _n0
948 _c04/03/1997
999 _c97007
_d97007